01143 a2200193 45000010006000000050017000060080041000230030015000640400040000790800149001192450028002680200018002962500012003142640029003263000019003555050540003740410008009141000027009225540520260407155828.0260407a1979 arg spa dAR-UNSa-BCEJYS aAR-UNSa-BCEJYSbspacAR-UNSa-BCEJYS a340.12xTendencias en la teoría del derecho. Escuelas, doctrinas jurídicas. Filosofía del derecho. Teorías sobre el Estado y el derecho 10aFilosofía del derecho a84-7162-485-0 a5a. ed. 1aBarcelona :bBoschc1979 a836 p.c22 cm. aPRIMERA PARTE: La ciencia jurídica: 1. Filosofía del derecho y teoría de la ciencia jurídica - 2. Tendencias de la filosofía y la ciencia jurídica y moderna - SEGUNDA PARTE: La estructura del derecho: 1. Concepto y fundamento del derecho - 2. La normatividad jurídica - 3. El derecho y los otros órdenes normativos de la conducta humana - 4. La estructura de la realidad social y las formas del derecho - 5. Fuentes del derecho - 6. El derecho como legalidad - 7. El hombre y su derecho - 8. Las comunidades jurídicas aspa1 aLegaz y Lacambra, Luis